Überlegungen zum Erstbeleg des Ortsnamens Wendersreuth und seiner Etymologie
Saved in:
| Main Author: | |
|---|---|
| Format: | Chapter/Article Conference Paper |
| Language: | German |
| Published: |
[2025]
|
| In: |
Vorträge des XXXVI. Namenkundlichen Symposiums in Kals am Großglockner, 4.-9. Juni 2024
Year: 2025, Pages: 65-78 |
| Online Access: |
|
| Author Notes: | Harald Bichlmeier |
MARC
| LEADER | 00000naa a22000002c 4500 | ||
|---|---|---|---|
| 001 | 1949873021 | ||
| 003 | DE-627 | ||
| 005 | 20260121113025.0 | ||
| 007 | tu | ||
| 008 | 260121s2025 xx ||||| 00| ||ger c | ||
| 035 | |a (DE-627)1949873021 | ||
| 035 | |a (DE-599)KXP1949873021 | ||
| 040 | |a DE-627 |b ger |c DE-627 |e rda | ||
| 041 | |a ger | ||
| 084 | |a 53 |2 sdnb | ||
| 100 | 1 | |a Bichlmeier, Harald |d 1969- |e VerfasserIn |0 (DE-588)156636441 |0 (DE-627)66183865X |0 (DE-576)345467175 |4 aut | |
| 245 | 1 | 0 | |a Überlegungen zum Erstbeleg des Ortsnamens Wendersreuth und seiner Etymologie |c Harald Bichlmeier |
| 264 | 1 | |c [2025] | |
| 300 | |a 14 | ||
| 336 | |a Text |b txt |2 rdacontent | ||
| 337 | |a ohne Hilfsmittel zu benutzen |b n |2 rdamedia | ||
| 338 | |a Band |b nc |2 rdacarrier | ||
| 773 | 0 | 8 | |i Enthalten in |a Kalser Namenkundliches Symposium (36. : 2024 : Kals am Großglockner) |t Vorträge des XXXVI. Namenkundlichen Symposiums in Kals am Großglockner, 4.-9. Juni 2024 |b 1. Auflage |d [Wien] : Praesens Verlag, 2025 |g (2025), Seite 65-78 |h 234 Seiten |w (DE-627)1916477011 |z 9783706912846 |z 3706912848 |7 nnam |
| 773 | 1 | 8 | |g year:2025 |g pages:65-78 |g extent:14 |a Überlegungen zum Erstbeleg des Ortsnamens Wendersreuth und seiner Etymologie |
| 951 | |a AR | ||
| 992 | |a 20260121 | ||
| 993 | |a ConferencePaper | ||
| 994 | |a 2025 | ||
| 998 | |g 156636441 |a Bichlmeier, Harald |m 156636441:Bichlmeier, Harald |d 90000 |d 90400 |e 90000PB156636441 |e 90400PB156636441 |k 0/90000/ |k 1/90000/90400/ |p 1 |x j |y j | ||
| 999 | |a KXP-PPN1949873021 |e 4855597309 | ||
| BIB | |a Y | ||
| JSO | |a {"physDesc":[{"extent":"14 S."}],"name":{"displayForm":["Harald Bichlmeier"]},"origin":[{"dateIssuedKey":"2025","dateIssuedDisp":"[2025]"}],"recId":"1949873021","type":{"bibl":"chapter"},"person":[{"role":"aut","given":"Harald","display":"Bichlmeier, Harald","family":"Bichlmeier"}],"relHost":[{"part":{"pages":"65-78","year":"2025","text":"(2025), Seite 65-78","extent":"14"},"corporate":[{"role":"aut","display":"Kalser Namenkundliches Symposium (36., 2024, Kals am Großglockner)"},{"display":"Praesens VerlagsgesmbH","role":"pbl"}],"relMultPart":[{"type":{"bibl":"serial"},"origin":[{"publisherPlace":"Wien ; Wien ; Salzburg","dateIssuedKey":"1973","dateIssuedDisp":"1973-","publisher":"Ed. Praesens ; Ges. ; Österr. Ges. für Namenforschung"}],"physDesc":[{"noteFormat":"21 cm"}],"disp":"Österreichische Namenforschung","id":{"issn":["1028-1495"],"zdb":["190642-2"],"eki":["166436240"]},"language":["ger"],"title":[{"title_sort":"Österreichische Namenforschung","title":"Österreichische Namenforschung"}],"dispAlt":"Österreichische Namenforschung","recId":"166436240","pubHistory":["[1.]1973 - [4.]1976; 5.1977 - 39.2011; 40/41.2012/13-50.2022 ; Neue Folge, 1-"],"titleAlt":[{"title":"Österreichische Namensforschung"},{"title":"Zeitschrift der Österreichischen Gesellschaft für Namenforschung"}],"name":{"displayForm":["herausgegeben vom \"Verein zur Erforschung von Sprache und Name in Österreich\" (VESNA)"]},"part":{"number_sort":["2025,3"],"number":["neue Folge 3"]},"note":["Herausgeber früher: Österreichische Gesellschaft für Namenforschung. Institut für Sprachwissenschaft, Universität Klagenfurt","Ab Neue Folge 1 als monografische Reihe erschienen","Beteil. Körp. teils: Institut für Sprachwissenschaft und Computerlinguistik, Universität Klagenfurt"],"corporate":[{"display":"Verein zur Erforschung von Sprache und Name in Österreich","role":"isb"},{"display":"Österreichische Gesellschaft für Namenforschung","role":"isb"}]}],"recId":"1916477011","person":[{"role":"edt","family":"Bichlmeier","given":"Harald","display":"Bichlmeier, Harald"},{"given":"Emanuel","display":"Klotz, Emanuel","family":"Klotz","role":"edt"},{"role":"edt","given":"Florian","display":"Steindl, Florian","family":"Steindl"}],"name":{"displayForm":["herausgegeben von Harald Bichlmeier, Emanuel Klotz und Florian Steindl"]},"language":["ger"],"title":[{"title":"Vorträge des XXXVI. Namenkundlichen Symposiums in Kals am Großglockner, 4.-9. Juni 2024","title_sort":"Vorträge des XXXVI. Namenkundlichen Symposiums in Kals am Großglockner, 4.-9. Juni 2024"}],"id":{"isbn":["9783706912846","3706912848"],"eki":["1916477011"]},"type":{"bibl":"book"},"physDesc":[{"noteIll":"Illustrationen, Karten","noteFormat":"23 cm","extent":"234 Seiten"}],"disp":"Kalser Namenkundliches Symposium (36. : 2024 : Kals am Großglockner)Vorträge des XXXVI. Namenkundlichen Symposiums in Kals am Großglockner, 4.-9. Juni 2024","origin":[{"editionNo":"1","dateIssuedKey":"2025","dateIssuedDisp":"[2025]","edition":"1. Auflage","publisherPlace":"[Wien]","publisher":"Praesens Verlag"}]}],"language":["ger"],"title":[{"title_sort":"Überlegungen zum Erstbeleg des Ortsnamens Wendersreuth und seiner Etymologie","title":"Überlegungen zum Erstbeleg des Ortsnamens Wendersreuth und seiner Etymologie"}],"id":{"eki":["1949873021"]}} | ||
| SRT | |a BICHLMEIERUEBERLEGUN2025 | ||